De la naturaleza / (Record no. 186010)
[ view plain ]
| 000 -LEADER | |
|---|---|
| campo de control de longitud fija | 01242nam a2200289 i 4500 |
| 001 - NÚMERO DE CONTROL | |
| campo de control | 186010 |
| 003 - IDENTIFICADOR DE NÚMERO DE CONTROL | |
| campo de control | SpMaBN |
| 005 - FECHA Y HORA DE LA ÚLTIMA TRANSACCIÓN | |
| campo de control | 20230906222549.0 |
| 008 - DATOS DE LONGITUD FIJA--INFORMACIÓN GENERAL | |
| campo de control de longitud fija | 160902s1985 sp |||| |dspa d |
| 020 ## - NÚMERO INTERNACIONAL ESTÁNDAR DEL LIBRO | |
| Número Internacional Estándar del Libro | 84-7162-679-9 |
| 080 ## - NÚMERO DE LA CLASIFICACIÓN DECIMAL UNIVERSAL | |
| Número de la Clasificación Decimal Universal | 821.124-15"-00" |
| 100 1# - ENTRADA PRINCIPAL--NOMBRE DE PERSONA | |
| Nombre de persona | Lucrecio Caro, Tito. |
| 9 (RLIN) | 74604 |
| 245 10 - MENCIÓN DEL TÍTULO | |
| Título | De la naturaleza / |
| Mención de responsabilidad, etc. | T. Lucrecio Caro |
| Resto del título | = De rerum natura / T. Lucretii Cari. |
| 246 31 - FORMA VARIANTE DEL TITULO | |
| Título propio/Titulo breve | De rerum natura |
| 260 ## - PUBLICACIÓN, DISTRIBUCIÓN, ETC. | |
| Lugar de publicación, distribución, etc. | Barcelona : |
| Nombre del editor, distribuidor, etc. | Bosch, |
| Fecha de publicación, distribución, etc. | [1985] |
| 300 ## - DESCRIPCIÓN FÍSICA | |
| Extensión | 601 p. ; |
| Dimensiones | 19 cm. |
| 490 1# - MENCIÓN DE SERIE | |
| Mención de serie | Erasmo, textos bilingües. |
| -- | Textos latinos |
| 500 ## - NOTA GENERAL | |
| Nota general | Cronología. |
| 504 ## - NOTA DE BIBLIOGRAFÍA, ETC. | |
| Nota de bibliografía, etc. | Bibliografía: p. 63-70. |
| 546 ## - NOTA DE IDIOMA | |
| Nota de lengua/lenguaje | Texto en latín y traducción en español. |
| 594 ## - Nota al título y mención de responsabilidad | |
| Nota al título y mención de responsabilidad | En port.: "La presente obra, homenaje póstumo al humanista Eduard Valentí Fiol, ha sido preparada... y revisada según anotaciones, correcciones y comentarios a la edición, introducción y traducción y notas de su "Lucrecio, De la Naturaleza" (1961), por José-Ignacio Ciruelo Borge..." |
| 700 1# - ENTRADA AGREGADA--NOMBRE PERSONAL | |
| Nombre de persona | Valentí Fiol, Eduardo. |
| 9 (RLIN) | 112600 |
| 700 1# - ENTRADA AGREGADA--NOMBRE PERSONAL | |
| Nombre de persona | Ciruelo, José-Ignacio. |
| 9 (RLIN) | 38904 |
| 830 0# - PUNTO DE ACCESO ADICIONAL DE SERIE-TÍTULO UNIFORME | |
| Título uniforme | Erasmo, textos bilingües. |
| -- | Textos latinos |
| 9 (RLIN) | 225327 |
| 852 ## - LOCALIZACIÓN | |
| Ubicación | ES-MaACL |
| Número de control de estantería | L-30611 |
| Nota libre | . - Donat. Miguel A. Velasco |
| Estatus retirado | Estado de pérdida | Estado de daño | No para préstamo | Biblioteca de origen | Biblioteca actual | Ubicación en estantería | Fecha de adquisición | Fuente de adquisición | Total de préstamos | Signatura topográfica completa | Código de barras | Visto por última vez | Precio de reemplazo | Tipo de ítem Koha |
|---|---|---|---|---|---|---|---|---|---|---|---|---|---|---|
| Biblioteca del Ateneo de Madrid | Biblioteca del Ateneo de Madrid | Depósito 2 | 02/09/2016 | L-30611 | 1196103 | 23/02/2023 | 23/02/2023 | Libro impreso |
